| 000 | 00523nam a22001697a 4500 | ||
|---|---|---|---|
| 003 | MACL | ||
| 005 | 20160405121657.0 | ||
| 008 | 160405b xxu||||| |||| 00| 0 eng d | ||
| 040 | _cMACL | ||
| 041 | _aHindi | ||
| 082 | _a320 | ||
| 100 |
_aआलोक मेहता _949154 |
||
| 245 | _aअफगानिस्तान बदलते चेहरे | ||
| 260 |
_aदिल्ली _bइन्द्रप्रस्थ प्रकाशन |
||
| 650 |
_aPolitical Sci. _950510 |
||
| 942 |
_2ddc _cHIN |
||
| 999 |
_c53714 _d53714 |
||